The 8051 microcontroller and embedded systems, using assembly and c (Record no. 572990)

000 -LEADER
fixed length control field 00579nam a22001937a 4500
003 - CONTROL NUMBER IDENTIFIER
control field CEME
005 - DATE AND TIME OF LATEST TRANSACTION
control field 20210628203307.0
008 - FIXED-LENGTH DATA ELEMENTS--GENERAL INFORMATION
fixed length control field 210125b xxu||||| |||| 00| 0 eng d
020 ## - INTERNATIONAL STANDARD BOOK NUMBER
International Standard Book Number 978-81-317-1026
040 ## - CATALOGING SOURCE
Transcribing agency .
082 ## - DEWEY DECIMAL CLASSIFICATION NUMBER
Classification number 004.16 MAZ
100 ## - MAIN ENTRY--PERSONAL NAME
Personal name Muhammad Ali Mazidi, Gillispie,Janice, Mckinlay,Rolin.D
9 (RLIN) 64530
245 ## - TITLE STATEMENT
Title The 8051 microcontroller and embedded systems, using assembly and c
250 ## - EDITION STATEMENT
Edition statement 2ND
260 ## - PUBLICATION, DISTRIBUTION, ETC.
Place of publication, distribution, etc. INDIA
Name of publisher, distributor, etc. PRENTICE HALL INDIA
Date of publication, distribution, etc. 2008
300 ## - PHYSICAL DESCRIPTION
Extent 545P
650 ## - SUBJECT ADDED ENTRY--TOPICAL TERM
Topical term or geographic name entry element THE 8051 MICROCONTROLLER AND EMBEDDED SYSTEMS
9 (RLIN) 64531
942 ## - ADDED ENTRY ELEMENTS (KOHA)
Koha item type Book
Source of classification or shelving scheme
Holdings
Withdrawn status Lost status Damaged status Not for loan Permanent Location Current Location Shelving location Date acquired Total Checkouts Full call number Barcode Date last seen Date last checked out Price effective from Koha item type
        College of Electrical & Mechanical Engineering (CEME) College of Electrical & Mechanical Engineering (CEME) General Stacks 07/26/2017 2 004.16 MAZ CEME-45412 01/02/2026 11/17/2025 06/28/2021 Book
© 2023 Central Library, National University of Sciences and Technology. All Rights Reserved.